Vista normal
Vista MARC
- Castellanos Casas, Ricardo
Entrada Personal Name
Número de registros utilizados en: 0
001 - CONTROL NUMBER
- control field: 78615
003 - CONTROL NUMBER IDENTIFIER
- control field: OSt
005 - DATE AND TIME OF LATEST TRANSACTION
- control field: 20230601174945.0
008 - FIXED-LENGTH DATA ELEMENTS
- fixed length control field: 230601|| aca||aabn | a|a d
040 ## - CATALOGING SOURCE
- Original cataloging agency: OSt
- Transcribing agency: OSt
100 ## - HEADING--PERSONAL NAME
- Personal name: Castellanos Casas, Ricardo
670 ## - SOURCE DATA FOUND
- Source citation: Work cat.: (OSt)5388: Castellanos Casas, Ricardo, Informática 1: la herramienta del nuevo milenio, 2003